| Tag |
First Indicator |
Second Indicator |
Subfields |
| LEADER |
00000cam a2200000 a 4500 |
| 001 |
in00000025941 |
| 005 |
20151007055738.0 |
| 008 |
870911s1988 mdua b 00110 eng |
| 010 |
|
|
|a 87025967
|
| 020 |
|
|
|a 0871898896
|
| 035 |
|
|
|a (OCoLC)16754733
|
| 035 |
|
|
|9 AAB9131AM
|
| 040 |
|
|
|a DLC
|c DLC
|d VET
|d TXA
|d UtOrBLW
|
| 049 |
|
|
|a TXAM
|c [A10991412]
|
| 050 |
0 |
0 |
|a RC523
|b .G58 1988
|
| 082 |
0 |
|
|a 618.97/683
|2 19
|
| 100 |
1 |
|
|a Glickstein, Joan K.
|
| 245 |
1 |
0 |
|a Therapeutic interventions in Alzheimer's disease :
|b a program of functional communication skills for activities of daily living /
|c Joan K. Glickstein.
|
| 264 |
|
1 |
|a Rockville, Md. :
|b Aspen Publishers,
|c 1988.
|
| 300 |
|
|
|a xvi, 197 pages :
|b illustrations ;
|c 29 cm.
|
| 336 |
|
|
|a text
|b txt
|2 rdacontent
|
| 337 |
|
|
|a unmediated
|b n
|2 rdamedia
|
| 338 |
|
|
|a volume
|b nc
|2 rdacarrier
|
| 500 |
|
|
|a "An Aspen publication."
|
| 504 |
|
|
|a Bibliography: pages 181-186.
|
| 500 |
|
|
|a Includes index.
|
| 650 |
|
0 |
|a Alzheimer's disease
|x Patients
|x Rehabilitation.
|
| 650 |
|
0 |
|a People with disabilities
|x Functional assessment.
|
| 650 |
|
0 |
|a Communicative disorders in old age
|x Patients
|x Rehabilitation.
|
| 650 |
|
0 |
|a Alzheimer's disease
|x Patients
|x Care.
|
| 999 |
|
|
|a MARS
|
| 999 |
f |
f |
|s a486cbc9-3d6d-3624-a033-b3e20d21de28
|i 8df82adf-e857-304e-a5fc-a53e6bf77169
|t 0
|
| 952 |
f |
f |
|p ric
|a Texas A&M University
|b Rellis Campus
|c Joint Library Facility
|d Remote Storage
|t 0
|e RC523 .G58 1988
|h Library of Congress classification
|i unmediated -- volume
|m A14810991412
|
| 998 |
f |
f |
|a RC523 .G58 1988
|t 0
|l Remote Storage
|